Scotland's buildings at risk to be saved (Record no. 117286)
[ view plain ]
| 000 -LEADER | |
|---|---|
| fixed length control field | 01171cam a2200217 4500 |
| 001 - CONTROL NUMBER | |
| control field | WB4017-01 |
| 008 - FIXED-LENGTH DATA ELEMENTS--GENERAL INFORMATION | |
| fixed length control field | 040505n2004 000 0 eng u |
| 035 ## - SYSTEM CONTROL NUMBER | |
| System control number | (Sirsi) u126091 |
| 245 ## - TITLE STATEMENT | |
| Title | Scotland's buildings at risk to be saved |
| 260 ## - PUBLICATION, DISTRIBUTION, ETC. | |
| Date of publication, distribution, etc. | 2004 |
| 490 ## - SERIES STATEMENT | |
| Series statement | Scottish Executive News Release |
| Volume/sequential designation | (SEnw1053/2004) 29 April 2004 (2) |
| 520 ## - SUMMARY, ETC. | |
| Summary, etc. | A special website has been launched on behalf of Historic Scotland to provide information on properties of architectural and historic merit which are considered to be at risk. The "Buildings at risk register for Scotland" features details and images of over 1 220 such buildings across Scotland. Many are available for purchase or lease and have restoration or development potential. The online register wil enable information to be kept up-to-date and be more accessible. The website is http://www.buildingsatrisk.org.uk/. http://www.scotland.gov.uk/pages/news/2004/04/SEnw 1053.aspx |
| 590 ## - LOCAL NOTE (RLIN) | |
| Local note | WB |
| 590 ## - LOCAL NOTE (RLIN) | |
| Local note | WB |
| 650 ## - SUBJECT ADDED ENTRY--TOPICAL TERM | |
| Topical term or geographic name entry element | SCOTLAND |
| 650 ## - SUBJECT ADDED ENTRY--TOPICAL TERM | |
| Topical term or geographic name entry element | SAVE BRITAIN'S HERITAGE BUILDINGS AT RISK REGISTER |
| 650 ## - SUBJECT ADDED ENTRY--TOPICAL TERM | |
| Topical term or geographic name entry element | HISTORIC BUILDINGS |
| 650 ## - SUBJECT ADDED ENTRY--TOPICAL TERM | |
| Topical term or geographic name entry element | WEBSITE |
| 690 ## - LOCAL SUBJECT ADDED ENTRY--TOPICAL TERM (OCLC, RLIN) | |
| Topical term or geographic name as entry element | BUILDING CONSERVATION |
| 942 ## - ADDED ENTRY ELEMENTS (KOHA) | |
| Suppress in OPAC | 0 |
| Withdrawn status | Lost status | Source of classification or shelving scheme | Damaged status | Not for loan | Home library | Current library | Shelving location | Date acquired | Total Checkouts | Full call number | Barcode | Date last seen | Copy number | Price effective from | Koha item type |
|---|---|---|---|---|---|---|---|---|---|---|---|---|---|---|---|
| Dewey Decimal Classification | London | London | News article | 05/05/2004 | WB4017-01 | 126091-1001 | 06/08/2019 | 1 | 06/08/2019 | News article |